zpět

Detail výsledku týmu

Hospůdka 1. HFK Holice, Olomouc

Datum a čas kvízu

35.5 Celkem bodů Celkový počet nahraných bodů na tomto kvízu bez doplňovacích otázek.
1. Pořadí na kvízu Konečné umístění týmu na tomto kvízu.

Zaznamenané odpovědi

# Otázka Odpověď Body Výsledky
1. Kardiochirurgické centrum Faku... spalničky 1
2. Parlament jisté evropské země... Spojené království Velké Británie a Severního Irska 1
3. Jak se jmenuje známý český pár... Tatiana Vilhelmová, Vojtěch Dyk 1
4. Autobusový dopravce Flixbus po... Eurolines 0
5. Tepličtí fotbalisté minulý týd... FK Mladá Boleslav 1
6. Jelikož minulý týden uplynulo... Německo 1
7. V celkem kolika státech EU (vč... v sedmi státech 1
8. Která ze členských zemí EU má... Švédsko 1
9. Které tři státy EU mají nejmen... Kypr, Lucembursko, Malta 0.5
10. V roce 1986 rozšířily Evropská... Španělsko a Portugalsko 1